000 00702nam a2200253Ia 4500
003 OSt
005 20220912145425.0
006 a|||||r|||| 00| 0
007 ta
008 220909b |||||||| |||| 00| 0 eng d
024 _a66058
037 _cTextual
040 _aCSL
_beng
_cCSL
041 _aeng
082 _aG:12.3, K3 CL
100 _aSouthwood T.R.E.
245 0 _aLife of the wayside and woodland: A seasonal guide to the natural history of the Britishisles
260 _c1963
300 _ap.
_ccm.
650 _a Natural history
650 _aBiology
942 _hG:12.3, K3 CL
_cTEXL
_2CC
999 _c31459
_d31459